Strength of materials (Record no. 4143)

000 -LEADER
fixed length control field 00602nam a2200229 4500
001 - CONTROL NUMBER
control field 4143
003 - CONTROL NUMBER IDENTIFIER
control field BD-DhUET
008 - FIXED-LENGTH DATA ELEMENTS--GENERAL INFORMATION
fixed length control field 0
020 ## - INTERNATIONAL STANDARD BOOK NUMBER
International Standard Book Number 0070702977
040 ## - CATALOGING SOURCE
Transcribing agency 0
Modifying agency BD-DhUET
082 ## - DEWEY DECIMAL CLASSIFICATION NUMBER
Classification number 620.112
Item number WIL/1981
100 ## - MAIN ENTRY--PERSONAL NAME
Personal name Willems, Nicholas
245 ## - TITLE STATEMENT
Title Strength of materials
Statement of responsibility, etc. by Nicholas Willems, John T. Easley and Stanley T. Rolfe
250 ## - EDITION STATEMENT
Edition statement 1st ed.
260 ## - PUBLICATION, DISTRIBUTION, ETC. (IMPRINT)
Place of publication, distribution, etc. New York
Name of publisher, distributor, etc. McGraw-Hill
Date of publication, distribution, etc. 1981
300 ## - PHYSICAL DESCRIPTION
Extent xviii, 508 p.
Other physical details ill.
Dimensions 12 cm.
504 ## - BIBLIOGRAPHY, ETC. NOTE
Bibliography, etc Includes bibliographies
650 #0 - SUBJECT ADDED ENTRY--TOPICAL TERM
Topical term or geographic name as entry element Strength of materials
700 ## - ADDED ENTRY--PERSONAL NAME
Personal name Easley, John T.
700 ## - ADDED ENTRY--PERSONAL NAME
Personal name Rolfe, Stanley T.
942 ## - ADDED ENTRY ELEMENTS (KOHA)
Koha item type General Book
Holdings
Koha date last seen Koha date last borrowed Koha item type Koha full call number Shelving location Piece designation (barcode) Sublocation or collection (holding branch) Koha out on loan Withdrawn status Location (home branch) Koha normalized classification for sorting Price effective from Lost status Not for loan Damaged status Koha issues (times borrowed) Source of classification or shelving scheme Copy number Date acquired
2018-12-182018-11-06General Book620.112/WIL/1981Circulation section79849Central Library, BUET  Central Library, BUET620_112000000000000_WIL_19812014-11-12   1 12014-11-12
2019-04-242018-12-22General Book620.112/WIL/1981Circulation section79850Central Library, BUET  Central Library, BUET620_112000000000000_WIL_19812014-11-12   1 22014-11-12
2014-11-12 General Book620.112/WIL/1981Circulation section79853Central Library, BUET  Central Library, BUET620_000000000000000_112WIL19812014-11-12     32014-11-12
2014-11-12 General Book620.112/WIL/1981Circulation section81408Central Library, BUET  Central Library, BUET620_000000000000000_112WIL19812014-11-12     42014-11-12
2021-12-072021-11-29General Book620.112/WIL/1981Circulation section79852Central Library, BUET  Central Library, BUET620_000000000000000_112WIL19812014-11-12   2 52014-11-12
2025-12-082025-12-08General Book620.112/WIL/1981Circulation section79580Central Library, BUET2025-12-22 Central Library, BUET620_000000000000000_112WIL19812014-11-12   1 62014-11-12
2014-11-12 General Book620.112/WIL/1981Circulation section81410Central Library, BUET  Central Library, BUET620_000000000000000_112WIL19812014-11-12     72014-11-12
2023-07-182023-07-08General Book620.112/WIL/1981Circulation section79851Central Library, BUET  Central Library, BUET620_000000000000000_112WIL19812014-11-12   1 82014-11-12
2014-11-12 General Book620.112/WIL/1981Circulation section81409Central Library, BUET  Central Library, BUET620_112000000000000_WIL_19812014-11-12     92014-11-12
2015-02-04 General Book620.112/WIL/1981Circulation section79581 Central Library, BUET  Central Library, BUET620_112000000000000_WIL_19812015-02-04     102015-02-04